000 01072nam a2200289 a 4500
001 41692
003 BD-RjUL
005 20211209053432.0
008 160605s1961 enk b 001 0 eng
035 _a(BD-RjUL)41810
035 _a2309689
040 _aLC
_beng
_cLC
_dLC
_dBD-RjUL
041 _aeng
082 0 0 _a320.941
_219
_bCRT 1961
100 1 _aCrowther-Hunt, Norman Crowther Crowther-Hunt,
_d1920-
_9128061
245 1 0 _aTwo early political associations :
_bthe Quakers and the dissenting deputies in the age of Sir Robert Walpole /
_cby N.C. Hunt.
260 _aOxford :
_bClarendon Press,
_c1961.
300 _axvi, 231 p. ;
_c21 cm.
504 _aIncludes Bibliography and index
650 0 _aChurch and state
_zGreat Britain.
_9128003
650 0 _aSociety of Friends
_zGreat Britain.
_9128062
650 0 _aDissenters, Religious
_zGreat Britain.
_9128063
651 0 _aGreat Britain
_xPolitics and government
_y1660-1714.
_9128064
651 0 _aGreat Britain
_xPolitics and government
_y1714-1760.
_9128065
942 _2ddc
_cBK
999 _c41692
_d41692